[Event "XV C.to Mondiale seniores"]
[Site "Lignano Sabbiadoro ITA"]
[Date "2005.09.28"]
[Round "1"]
[White "Bitzer, Dieter"]
[Black "Kaminik, Aleksandar"]
[Result "0-1"]
[WhiteElo "2003"]
[BlackElo "2278"]
[PlyCount "88"]
[EventDate "2005.09.28"]

1. e4 e6 2. d4 d5 3. Nd2 Nf6 4. e5 Nfd7 5. Ndf3 c5 6. c3 Nc6 7. Be3 cxd4 8.
cxd4 Qb6 9. b3 Bb4+ 10. Bd2 Nxd4 11. Nxd4 Qxd4 12. Nf3 Bxd2+ 13. Nxd2 Nxe5 14.
Bb5+ Bd7 15. Bxd7+ Nxd7 16. O-O O-O 17. Qe2 Rac8 18. Nf3 Qb6 19. Qd3 Rc5 20.
Rae1 Rfc8 21. Ng5 Nf6 22. Re2 h6 23. Nf3 Rc1 24. Rfe1 Ne4 25. Re3 Rxe1+ 26.
Nxe1 Rc1 27. Kf1 Qc5 28. g3 b5 29. Qe2 b4 30. Kg2 Nc3 31. Qa6 d4 32. Nd3 Qd5+
33. Rf3 Rg1+ 34. Kxg1 Qxf3 35. Ne5 Qf5 36. Nd7 h5 37. Qxa7 Qb1+ 38. Kg2 Qe4+
39. Kh3 d3 40. Qb8+ Kh7 41. Nf8+ Kh6 42. Qd8 Ne2 43. f3 Qxf3 44. Nxe6 Ng1+ 0-1

[Event "XV C.to Mondiale seniores"]
[Site "Lignano Sabbiadoro ITA"]
[Date "2005.09.28"]
[Round "1"]
[White "Bue, Gunnar"]
[Black "Hicker, Harald"]
[Result "1/2-1/2"]
[WhiteElo "1901"]
[BlackElo "2171"]
[PlyCount "62"]
[EventDate "2005.09.28"]

1. d4 d5 2. c4 e6 3. e3 Nf6 4. Nf3 Be7 5. Bd3 a6 6. b3 Nbd7 7. O-O O-O 8. Bb2
b6 9. Nc3 Bb7 10. Qe2 c5 11. Rac1 Bd6 12. Rfd1 Qe7 13. cxd5 exd5 14. dxc5 bxc5
15. Bf5 Ne5 16. Ne1 Rfe8 17. Na4 Bc6 18. Qc2 Bxa4 19. bxa4 g6 20. Bh3 Rad8 21.
g3 Nc4 22. Bxf6 Qxf6 23. Rxd5 Nb6 24. Rdd1 a5 25. Bg2 c4 26. Bc6 Rf8 27. Bb5
Ba3 28. Rxd8 Rxd8 29. Rd1 Bb4 30. Rxd8+ Qxd8 31. Bxc4 Qd6 1/2-1/2

[Event "XV C.to Mondiale seniores"]
[Site "Lignano Sabbiadoro ITA"]
[Date "2005.09.28"]
[Round "1"]
[White "Cesati Cassin, Giorgio"]
[Black "Peierl, Walter"]
[Result "0-1"]
[WhiteElo "1419"]
[BlackElo "2096"]
[PlyCount "86"]
[EventDate "2005.09.28"]

1. e4 e6 2. d4 d5 3. e5 c5 4. c3 Nc6 5. Be3 Qb6 6. b3 cxd4 7. cxd4 Bb4+ 8. Nd2
Nge7 9. Ngf3 Nf5 10. a3 Bc3 11. Rb1 Bd7 12. Bd3 Nfxd4 13. O-O Bxd2 14. Bxd4
Nxd4 15. Nxd4 Qxd4 16. Qxd2 Qxe5 17. Rfe1 Qf6 18. Rbc1 O-O 19. a4 Bc6 20. Qe3
a6 21. Qh3 g6 22. Qg3 Rac8 23. b4 Bxa4 24. Rxc8 Rxc8 25. Qd6 Bc6 26. Rc1 Qd8
27. Qe5 Bd7 28. Rb1 Qc7 29. Qe3 e5 30. g3 d4 31. Qd2 Qc3 32. Qe2 f6 33. f3 Kg7
34. h4 Qc7 35. Kg2 Re8 36. g4 Bc6 37. b5 axb5 38. Bxb5 Rc8 39. Kg3 e4+ 40. f4
Bd5 41. Qd2 Qc3+ 42. Qxc3 Rxc3+ 43. Kf2 Rf3+ 0-1

[Event "XV C.to Mondiale seniores"]
[Site "Lignano Sabbiadoro ITA"]
[Date "2005.09.28"]
[Round "1"]
[White "Florio, Italo"]
[Black "Tavcar, Rado"]
[Result "0-1"]
[WhiteElo "1511"]
[BlackElo "2110"]
[PlyCount "60"]
[EventDate "2005.09.28"]

1. d4 f5 2. e3 Nf6 3. Nd2 d5 4. Bd3 e6 5. Ne2 Bd6 6. Nf3 Nbd7 7. Nc3 c6 8. Bd2
O-O 9. O-O Ne4 10. a3 Qe7 11. b4 e5 12. Na4 Nxd2 13. Nxd2 e4 14. Be2 f4 15. Bg4
Qg5 16. Nc5 Bxc5 17. bxc5 f3 18. gxf3 h5 19. f4 Qxg4+ 20. Qxg4 hxg4 21. Kh1 Nf6
22. Rg1 Bf5 23. Nf1 Nh5 24. Ng3 Nxg3+ 25. fxg3 Rae8 26. Rab1 Bc8 27. a4 Rf6 28.
Kg2 Kf7 29. a5 Rh6 30. c3 Reh8 0-1

[Event "XV C.to Mondiale seniores"]
[Site "Lignano Sabbiadoro ITA"]
[Date "2005.09.28"]
[Round "1"]
[White "Fotland, Hans Christian"]
[Black "Gestrich, Wolfgang"]
[Result "1-0"]
[WhiteElo "2131"]
[BlackElo "1767"]
[PlyCount "47"]
[EventDate "2005.09.28"]

1. d4 Nf6 2. c4 d6 3. Nc3 Bf5 4. f3 h6 5. e4 Bh7 6. Be3 Nbd7 7. Bd3 c6 8. Nge2
e5 9. Qd2 Qc7 10. O-O a6 11. Rac1 c5 12. Nd5 Nxd5 13. cxd5 b6 14. f4 f6 15.
fxe5 dxe5 16. dxc5 bxc5 17. Nc3 Qa7 18. Na4 Rb8 19. Qf2 Bd6 20. b4 O-O 21. bxc5
Nxc5 22. Nxc5 Bxc5 23. Bxc5 Qc7 24. Ba3 1-0

[Event "XV C.to Mondiale seniores"]
[Site "Lignano Sabbiadoro ITA"]
[Date "2005.09.28"]
[Round "1"]
[White "Gruzmann, Boris"]
[Black "Mayers, Dan E."]
[Result "1-0"]
[WhiteElo "2278"]
[BlackElo "2011"]
[PlyCount "105"]
[EventDate "2005.09.28"]

1. e4 e6 2. d4 d5 3. e5 Ne7 4. c3 c5 5. Nf3 Nf5 6. a3 a5 7. Bd3 Nc6 8. h4 Be7
9. h5 Bd7 10. dxc5 Bxc5 11. a4 Qc7 12. Qe2 Nb8 13. Nbd2 Bc6 14. Nb3 Nd7 15.
Bxf5 exf5 16. e6 fxe6 17. Qxe6+ Be7 18. Nbd4 O-O-O 19. O-O Bf6 20. Nxf5 Kb8 21.
Qd6 Qxd6 22. Nxd6 Rhf8 23. Bf4 Ka8 24. Nb5 Bxc3 25. Nc7+ Ka7 26. bxc3 Rxf4 27.
Ne6 Rxf3 28. gxf3 Rc8 29. Rfe1 Nb6 30. Nd4 Be8 31. Re7 Bxh5 32. Nb5+ Ka8 33. f4
Bf3 34. Kh2 Be4 35. Kg3 Rc6 36. Rxg7 Kb8 37. Kg4 Bc2 38. f5 Bxa4 39. Rg8+ Rc8
40. Rxc8+ Kxc8 41. Rb1 Nc4 42. f6 Kd7 43. Re1 Bxb5 44. f7 Bc6 45. f8=Q Kc7 46.
f4 a4 47. f5 a3 48. Kf4 Nb2 49. Qe7+ Kb8 50. Qd8+ Ka7 51. Qa5+ Kb8 52. Rg1 Nd3+
53. Ke3 1-0

[Event "XV C.to Mondiale seniores"]
[Site "Lignano Sabbiadoro ITA"]
[Date "2005.09.28"]
[Round "1"]
[White "Harito, Roberto"]
[Black "Serra Olives, Tomas"]
[Result "1-0"]
[WhiteElo "1733"]
[BlackElo "2128"]
[PlyCount "127"]
[EventDate "2005.09.28"]

1. e4 c5 2. Nf3 Nc6 3. d4 cxd4 4. Nxd4 Nf6 5. Nc3 d6 6. Be2 e5 7. Nf3 h6 8. h3
Be6 9. Bd3 Be7 10. Qe2 O-O 11. O-O Rc8 12. Re1 a6 13. Be3 Nb4 14. a3 Nxd3 15.
cxd3 d5 16. exd5 Nxd5 17. Nxd5 Qxd5 18. Bd2 Rc2 19. Qxe5 Bf6 20. Qxd5 Bxd5 21.
Rec1 Rfc8 22. Ne1 Rxc1 23. Rxc1 Re8 24. Rc5 Bc6 25. Kf1 Bxb2 26. Bb4 Bb5 27.
Rd5 Rc8 28. Ke2 Rc1 29. Rc5 b6 30. Rxc1 Bxc1 31. g3 f5 32. f4 g5 33. Bd6 Bc6
34. fxg5 hxg5 35. Nf3 Bxf3+ 36. Kxf3 Kf7 37. a4 b5 38. axb5 axb5 39. Bb4 Ke6
40. g4 f4 41. Ke4 Bb2 42. d4 Bc1 43. d5+ Kf6 44. Bc3+ Kf7 45. Bb4 Kf6 46. Bc3+
Ke7 47. Bb4+ Kd7 48. Kf3 Kc7 49. h4 gxh4 50. g5 h3 51. Bc3 Ba3 52. g6 Bd6 53.
Bd4 h2 54. Kg2 f3+ 55. Kh1 Bf8 56. Be5+ Kd7 57. Kxh2 Ke8 58. Kg3 Ba3 59. d6 Kf8
60. d7 Be7 61. Kxf3 b4 62. Ke4 Bg5 63. Kf5 Bd8 64. Bd6+ 1-0

[Event "XV C.to Mondiale seniores"]
[Site "Lignano Sabbiadoro ITA"]
[Date "2005.09.28"]
[Round "1"]
[White "Haug, Kjell Martin"]
[Black "MacDonald-Ross, Michael"]
[Result "1/2-1/2"]
[WhiteElo "1950"]
[BlackElo "2233"]
[PlyCount "56"]
[EventDate "2005.09.28"]

1. c4 e6 2. Nc3 d5 3. cxd5 exd5 4. d4 c6 5. Nf3 Nf6 6. Bg5 Be7 7. e3 Bf5 8. Be2
Nbd7 9. Rc1 h6 10. Bh4 O-O 11. O-O Re8 12. a3 a5 13. Re1 Ne4 14. Bxe7 Qxe7 15.
Nxe4 Bxe4 16. Bd3 Qd6 17. Bxe4 Rxe4 18. Qb3 b5 19. Qc3 Ra6 20. Rc2 Rg4 21. h3
Rg6 22. Qd3 Qe6 23. Kh1 f5 24. Rec1 a4 25. Qf1 Qe4 26. Nd2 Qe7 27. Nf3 Qe4 28.
Nd2 Qe7 1/2-1/2

[Event "XV C.to Mondiale seniores"]
[Site "Lignano Sabbiadoro ITA"]
[Date "2005.09.28"]
[Round "1"]
[White "Haupt, Joachim"]
[Black "Viner, Phillip J."]
[Result "0-1"]
[WhiteElo "1841"]
[BlackElo "2144"]
[PlyCount "40"]
[EventDate "2005.09.28"]

1. e4 e5 2. Nf3 Nc6 3. Bc4 Bc5 4. c3 Nf6 5. d4 exd4 6. cxd4 Bb4+ 7. Nc3 Nxe4 8.
O-O Nxc3 9. bxc3 d5 10. cxb4 dxc4 11. d5 Ne7 12. Qd4 O-O 13. Bb2 f6 14. Rad1
Qd6 15. Qxc4 Rd8 16. Nd4 a6 17. Rd3 Nxd5 18. Rfd1 c6 19. Rf3 Bg4 20. Nxc6 Bxf3
0-1

[Event "XV C.to Mondiale seniores"]
[Site "Lignano Sabbiadoro ITA"]
[Date "2005.09.28"]
[Round "1"]
[White "Jacob, Konrad"]
[Black "Loktiev, Ivan"]
[Result "0-1"]
[WhiteElo "2049"]
[BlackElo "2396"]
[PlyCount "84"]
[EventDate "2005.09.28"]

1. e4 c5 2. Nf3 e6 3. d4 cxd4 4. c3 dxc3 5. Nxc3 d6 6. Bc4 Nc6 7. Qe2 Nf6 8.
O-O Be7 9. Rd1 e5 10. h3 O-O 11. Be3 Be6 12. Bxe6 fxe6 13. Ng5 Qd7 14. Qc4 Nd8
15. Rac1 h6 16. Nf3 Nf7 17. Qd3 a6 18. Nd2 b5 19. Nb3 Rfd8 20. Bb6 Rdb8 21. Ba5
b4 22. Ne2 Qb5 23. f3 Bd8 24. Bxd8 Qxd3 25. Rxd3 Rxd8 26. Na5 Rdb8 27. Rc7 Rb5
28. Nc6 Rc5 29. Ne7+ Kh7 30. Rb7 Nd8 31. Rb6 Ne8 32. f4 Rc7 33. fxe5 dxe5 34.
Rxd8 Rxd8 35. Rxe6 Rd2 36. Nd5 Rcc2 37. Rxe8 Rxe2 38. Rxe5 Rxg2+ 39. Kf1 Rgf2+
40. Kg1 Rfd2 41. Ne3 Rxb2 42. Rf5 Rxa2 0-1

[Event "XV C.to Mondiale seniores"]
[Site "Lignano Sabbiadoro ITA"]
[Date "2005.09.28"]
[Round "1"]
[White "Jadrijevic, Ante"]
[Black "Neudel, Bernd"]
[Result "1-0"]
[WhiteElo "2174"]
[BlackElo "1904"]
[PlyCount "75"]
[EventDate "2005.09.28"]

1. d4 Nf6 2. c3 d5 3. Bf4 Bf5 4. Qb3 Qc8 5. Nf3 Nbd7 6. c4 e6 7. Nc3 c6 8. h3
dxc4 9. Qxc4 Qd8 10. Rc1 Qb6 11. Na4 Qb4+ 12. Qxb4 Bxb4+ 13. Nd2 Ne4 14. a3
Bxd2+ 15. Bxd2 Nxd2 16. Kxd2 e5 17. dxe5 Nxe5 18. f3 Rd8+ 19. Kc3 b6 20. e4 Bd7
21. b4 f6 22. Nb2 Be6 23. f4 Nd7 24. Be2 O-O 25. Rhe1 c5 26. b5 g5 27. fxg5
fxg5 28. Bc4 Kf7 29. e5 Ke7 30. Rcd1 Rf5 31. Bxe6 Kxe6 32. Nc4 Rb8 33. Rd6+ Ke7
34. Rh6 Nf8 35. e6 Re8 36. Ne5 Nxe6 37. Rxh7+ Kf6 38. Rf7# 1-0

[Event "XV C.to Mondiale seniores"]
[Site "Lignano Sabbiadoro ITA"]
[Date "2005.09.28"]
[Round "1"]
[White "Karasev, Vladimir I."]
[Black "Taksrud, Vidar"]
[Result "1-0"]
[WhiteElo "2390"]
[BlackElo "2049"]
[PlyCount "125"]
[EventDate "2005.09.28"]

1. Nf3 Nf6 2. g3 d5 3. Bg2 e6 4. O-O Be7 5. c4 O-O 6. cxd5 exd5 7. d3 c6 8. b3
Bg4 9. h3 Bh5 10. Bb2 Nbd7 11. Nbd2 Re8 12. Qc2 a5 13. a3 Qb6 14. Rac1 Rad8 15.
e3 Bd6 16. Rfe1 Re7 17. Nh4 Bg6 18. Nxg6 hxg6 19. Nf3 Rde8 20. Bd4 Qb5 21. a4
Qa6 22. Bf1 Ba3 23. Rcd1 Bb4 24. Re2 c5 25. Bb2 b5 26. axb5 Qxb5 27. e4 d4 28.
Bc1 Nb6 29. Bg5 Ra7 30. Nd2 a4 31. bxa4 Nxa4 32. Ra1 Rea8 33. Ree1 Nc3 34. Rxa7
Rxa7 35. Nc4 Ra2 36. Qb3 Qa4 37. Qxa4 Rxa4 38. e5 Ne8 39. e6 f6 40. Bd2 Nd5 41.
Bg2 Bxd2 42. Nxd2 Nec7 43. Rc1 Ne7 44. Rxc5 Nxe6 45. Rb5 Ra1+ 46. Bf1 Ra7 47.
h4 Kf7 48. Nc4 Nc7 49. Rb8 Nc6 50. Rc8 Ke7 51. Be2 Nd8 52. h5 g5 53. Bf3 Nce6
54. Kg2 Rc7 55. Ra8 Nc5 56. Nb6 Ke8 57. h6 gxh6 58. Bh5+ Ke7 59. Nd5+ Kd7 60.
Bg4+ Kc6 61. Rxd8 Rf7 62. Bh5 Rd7 63. Be8 1-0

[Event "XV C.to Mondiale seniores"]
[Site "Lignano Sabbiadoro ITA"]
[Date "2005.09.28"]
[Round "1"]
[White "Karl, Hans"]
[Black "Trifunovic, Dusan"]
[Result "0-1"]
[WhiteElo "2290"]
[BlackElo "2019"]
[PlyCount "98"]
[EventDate "2005.09.28"]

1. d4 Nf6 2. c4 e5 3. d5 Bc5 4. e3 d6 5. Nf3 O-O 6. Be2 Nbd7 7. Nc3 Bb4 8. Bd2
Bxc3 9. Bxc3 Ne4 10. Qc2 Nxc3 11. Qxc3 f5 12. h3 a5 13. O-O-O Nc5 14. Nd2 Bd7
15. f3 c6 16. Nb3 Na4 17. Qd3 c5 18. Rd2 b5 19. f4 Nb6 20. Qc2 a4 21. Na1 bxc4
22. Bxc4 exf4 23. exf4 Qh4 24. Rf1 Rab8 25. Be2 Qg3 26. Qc3 Qxg2 27. Bb5 Qe4
28. Bxd7 Nxd7 29. Nc2 Nf6 30. Qd3 Rb6 31. Ne3 Qxd3 32. Rxd3 Ne4 33. Re1 Nf2 34.
Rc3 Rfb8 35. Nc4 Rb4 36. Re6 Ne4 37. Rc2 Rd8 38. Ne3 g6 39. Rc4 Kf7 40. a3 Rb3
41. Rcxe4 fxe4 42. Nc4 Rxh3 43. Nxd6+ Rxd6 44. Rxd6 Rd3 45. Rd7+ Kf6 46. Rxh7
Rxd5 47. Ra7 e3 48. Rxa4 e2 49. Re4 Rd1+ 0-1

[Event "XV C.to Mondiale seniores"]
[Site "Lignano Sabbiadoro ITA"]
[Date "2005.09.28"]
[Round "1"]
[White "Keserovic, Milan"]
[Black "Zurel, Maxim"]
[Result "1-0"]
[WhiteElo "2232"]
[BlackElo "1945"]
[PlyCount "97"]
[EventDate "2005.09.28"]

1. e4 c6 2. d4 d5 3. Nd2 dxe4 4. Nxe4 Nf6 5. Nxf6+ exf6 6. Nf3 Bg4 7. Be3 Bd6
8. Bd3 Nd7 9. c3 Qe7 10. O-O O-O 11. h3 Bh5 12. Re1 Qd8 13. Be2 Re8 14. Nd2
Bxe2 15. Qxe2 Bf4 16. Qf3 Bxe3 17. Rxe3 Rxe3 18. Qxe3 Qe8 19. Re1 Kf8 20. Nc4
Qxe3 21. Rxe3 Nb6 22. Nd6 Nd5 23. Re1 b6 24. Kf1 Rd8 25. Nc4 Re8 26. g3 Rxe1+
27. Kxe1 Ke7 28. Kd2 Ke6 29. Ne3 Ne7 30. Kd3 f5 31. c4 g6 32. f4 Nc8 33. Nd1 h5
34. Nc3 Ne7 35. b4 f6 36. b5 c5 37. dxc5 bxc5 38. a4 Kd6 39. a5 g5 40. Ke3 Kc7
41. Nd5+ Nxd5+ 42. cxd5 h4 43. gxh4 g4 44. hxg4 fxg4 45. h5 g3 46. h6 c4 47. h7
g2 48. Kf2 c3 49. h8=Q 1-0

[Event "XV C.to Mondiale seniores"]
[Site "Lignano Sabbiadoro ITA"]
[Date "2005.09.28"]
[Round "1"]
[White "Khazankin, Moisei"]
[Black "Acunzo, Domenico"]
[Result "1-0"]
[WhiteElo "2139"]
[BlackElo "1828"]
[PlyCount "45"]
[EventDate "2005.09.28"]

1. e4 e6 2. d4 d5 3. Nd2 c5 4. Ngf3 cxd4 5. exd5 Qxd5 6. Bc4 Qc5 7. O-O Nc6 8.
a3 Nf6 9. b4 Qh5 10. Re1 Bd6 11. Bb2 O-O 12. Ne4 Nxe4 13. Rxe4 Ne5 14. Nxe5 Qf5
15. Qe2 b6 16. Bxd4 Bb7 17. Rg4 Rfc8 18. Bd3 Qf6 19. Nd7 Qh6 20. Rxg7+ Qxg7 21.
Bxg7 Kxg7 22. Qg4+ Kh6 23. Qh4+ 1-0

[Event "XV C.to Mondiale seniores"]
[Site "Lignano Sabbiadoro ITA"]
[Date "2005.09.28"]
[Round "1"]
[White "Klundt, Klaus"]
[Black "Pipitone, Antonio"]
[Result "1-0"]
[WhiteElo "2382"]
[BlackElo "2041"]
[PlyCount "79"]
[EventDate "2005.09.28"]

1. e4 c5 2. Nf3 d6 3. d4 cxd4 4. Nxd4 Nf6 5. Nc3 Nc6 6. Bc4 e6 7. Be3 Be7 8.
Qe2 a6 9. O-O-O Qc7 10. Bb3 Nxd4 11. Bxd4 O-O 12. Rhg1 e5 13. Be3 Be6 14. g4
Qc6 15. f3 Bxb3 16. axb3 Rfc8 17. g5 Nd7 18. Nd5 Bf8 19. Kb1 a5 20. Nc3 Nc5 21.
Rd5 b6 22. Rgd1 Rcb8 23. Qb5 Qc8 24. Qc4 Qh3 25. Qe2 a4 26. Bxc5 bxc5 27. bxa4
Rb4 28. b3 Qc8 29. Na2 Rb6 30. Qc4 Qh3 31. f4 exf4 32. Rf5 Qh5 33. Rg1 Rb7 34.
Nc3 Raa7 35. Nb5 g6 36. Rxf4 d5 37. exd5 Ra6 38. d6 Rxd6 39. Nxd6 Bxd6 40. Rxf7
1-0

[Event "XV C.to Mondiale seniores"]
[Site "Lignano Sabbiadoro ITA"]
[Date "2005.09.28"]
[Round "1"]
[White "Korhonen, Erkki"]
[Black "Ivanets, Vladimir"]
[Result "0-1"]
[WhiteElo "2031"]
[BlackElo "2290"]
[PlyCount "124"]
[EventDate "2005.09.28"]

1. d4 b5 2. e4 Bb7 3. Bd3 Nf6 4. Qe2 e6 5. Bg5 c5 6. dxc5 Bxc5 7. Nf3 h6 8. Bh4
g5 9. Bg3 a6 10. Nbd2 Nc6 11. O-O Nh5 12. Kh1 Nxg3+ 13. fxg3 e5 14. c3 Be7 15.
Qf2 O-O 16. g4 d6 17. a4 Qd7 18. axb5 axb5 19. Rxa8 Bxa8 20. h3 Nd8 21. Ne1 Ne6
22. Qf5 Qb7 23. g3 Ng7 24. Qf2 Qd7 25. Kh2 d5 26. Nc2 dxe4 27. Bxe4 Bxe4 28.
Nxe4 Qd3 29. Qg2 h5 30. Nb4 Bxb4 31. Nf6+ Kh8 32. cxb4 h4 33. gxh4 gxh4 34. Rf3
Qd4 35. Qc2 e4 36. Qxe4 Qxe4 37. Nxe4 Ne6 38. Kg2 Kg7 39. Rf5 Rd8 40. Rxb5 Nf4+
41. Kf3 Nxh3 42. g5 Rd3+ 43. Kg4 Ng1 44. Nf6 Kg6 45. Rd5 Rb3 46. Kxh4 Rxb4+ 47.
Kg3 Rb3+ 48. Kf4 Nh3+ 49. Kg4 Nf2+ 50. Kf4 Rxb2 51. Ke3 Nh3 52. Ne4 Rb3+ 53.
Kd4 Nf4 54. Ra5 Ne6+ 55. Kc4 Re3 56. Re5 Re1 57. Kd5 Rd1+ 58. Kc6 Rg1 59. Kd5
Rxg5 60. Rxg5+ Nxg5 61. Nxg5 Kxg5 62. Ke5 f5 0-1

[Event "XV C.to Mondiale seniores"]
[Site "Lignano Sabbiadoro ITA"]
[Date "2005.09.28"]
[Round "1"]
[White "Krasevec, Viktor"]
[Black "Chernikov, Oleg L."]
[Result "0-1"]
[WhiteElo "2065"]
[BlackElo "2410"]
[PlyCount "71"]
[EventDate "2005.09.28"]

1. Nf3 Nf6 2. c4 c6 3. d4 b5 4. e3 bxc4 5. Bxc4 Ba6 6. Nbd2 d5 7. Bxa6 Nxa6 8.
Qa4 Qb6 9. a3 e6 10. Ne5 Rc8 11. O-O Qb5 12. Qb3 Qxb3 13. Nxb3 c5 14. dxc5 Nxc5
15. Nxc5 Rxc5 16. f3 Bd6 17. Nd3 Rc4 18. Bd2 Ke7 19. Rfc1 Rhc8 20. Rxc4 dxc4
21. Rc1 Kd7 22. Nf2 Be5 23. Nd1 Nd5 24. e4 Nb6 25. f4 Bd4+ 26. Be3 e5 27. fxe5
Bxe5 28. g3 Ke6 29. Kf2 h5 30. Bxb6 axb6 31. Ke3 b5 32. Nc3 Rd8 33. Nxb5 Rd3+
34. Kf2 Rb3 35. a4 Rxb2+ 36. Kf3 0-1

[Event "XV C.to Mondiale seniores"]
[Site "Lignano Sabbiadoro ITA"]
[Date "2005.09.28"]
[Round "1"]
[White "Laco, Giuseppe"]
[Black "Samarian, Cornel"]
[Result "1-0"]
[WhiteElo "2104"]
[BlackElo "1673"]
[PlyCount "81"]
[EventDate "2005.09.28"]

1. c4 e5 2. Nc3 Nf6 3. g3 Nc6 4. Bg2 Be7 5. Nd5 O-O 6. Nxe7+ Qxe7 7. a3 a5 8.
d3 h6 9. e4 d6 10. h3 Nd4 11. Be3 c5 12. f4 Kh7 13. Ne2 Nxe2 14. Qxe2 Ng8 15.
f5 Bd7 16. a4 g6 17. g4 g5 18. h4 f6 19. b3 b6 20. O-O-O Bc6 21. hxg5 fxg5 22.
Rh5 Kg7 23. Qd2 Rf7 24. Rdh1 Kf8 25. Rxh6 Rg7 26. f6 Nxf6 27. Rxf6+ Qxf6 28.
Rf1 Ke7 29. Rxf6 Kxf6 30. d4 cxd4 31. Bxd4 Ke6 32. Bxb6 Rb7 33. c5 dxc5 34.
Bxc5 Rd7 35. Qxg5 Kf7 36. Qf5+ Kg7 37. Qxe5+ Kf7 38. Bf1 Rc8 39. Bc4+ Kg6 40.
Be3 Kh7 41. Qh5+ 1-0

[Event "XV C.to Mondiale seniores"]
[Site "Lignano Sabbiadoro ITA"]
[Date "2005.09.28"]
[Round "1"]
[White "Limberg, Siegfried"]
[Black "Sevenyuk, Alexey"]
[Result "1-0"]
[WhiteElo "2143"]
[BlackElo "1836"]
[PlyCount "115"]
[EventDate "2005.09.28"]

1. d4 Nf6 2. Nf3 e6 3. e3 b6 4. Bd3 Bb7 5. Nbd2 d5 6. Ne5 Nfd7 7. f4 Nxe5 8.
fxe5 Qh4+ 9. g3 Qe7 10. Qe2 a5 11. a3 Nd7 12. e4 c5 13. c3 c4 14. Bc2 b5 15.
O-O g6 16. Nf3 h6 17. exd5 Bxd5 18. Be4 Nb6 19. Bxd5 Nxd5 20. Nd2 Bg7 21. Ne4
O-O 22. Bd2 g5 23. Rf2 f5 24. exf6 Bxf6 25. Re1 Rae8 26. Qh5 Bg7 27. Rxf8+ Qxf8
28. Qg6 Re7 29. Nc5 Qf7 30. Qe4 Nc7 31. Rf1 Qe8 32. h4 gxh4 33. Qxh4 e5 34. Re1
Nd5 35. dxe5 Rxe5 36. Rxe5 Qxe5 37. Ne4 Nf6 38. Nxf6+ Qxf6 39. Qxf6 Bxf6 40.
Bxh6 b4 41. axb4 axb4 42. Bd2 Kf7 43. Kf2 Ke6 44. Kf3 Kd5 45. g4 Be5 46. g5 Bg7
47. Kf4 Ke6 48. Ke4 Bh8 49. Be1 Bg7 50. Kf4 Be5+ 51. Kg4 Kd5 52. Kf5 Bh8 53. g6
Bg7 54. Bh4 bxc3 55. bxc3 Bxc3 56. Bf6 Bxf6 57. Kxf6 c3 58. g7 1-0

[Event "XV C.to Mondiale seniores"]
[Site "Lignano Sabbiadoro ITA"]
[Date "2005.09.28"]
[Round "1"]
[White "Loda', Domenico"]
[Black "Kock, Hans-Uwe"]
[Result "1/2-1/2"]
[WhiteElo "1659"]
[BlackElo "2127"]
[PlyCount "83"]
[EventDate "2005.09.28"]

1. e4 c6 2. d4 d5 3. e5 Bf5 4. Nf3 e6 5. Be2 c5 6. c3 Nc6 7. a3 a6 8. b4 c4 9.
Nbd2 h6 10. Nf1 Nge7 11. Nh4 Bh7 12. f4 Nf5 13. Nxf5 Bxf5 14. g4 Be4 15. Bf3
Bxf3 16. Qxf3 g6 17. h4 h5 18. g5 Qd7 19. Bb2 Ne7 20. Ne3 Qa4 21. Qd1 Qxd1+ 22.
Kxd1 a5 23. Kd2 Kd7 24. Rhb1 Kc7 25. Bc1 Bg7 26. Bb2 Rhb8 27. Kc2 Bf8 28. Kd2
b5 29. Kc2 Rb7 30. Kd2 Rba7 31. Kc2 Nc6 32. Nd1 Kb6 33. Kd2 Be7 34. Rc1 Bd8 35.
Rcb1 Kb7 36. Rc1 Bb6 37. Rcb1 axb4 38. axb4 Ra2 39. Rxa2 Rxa2 40. Ra1 Rxa1 41.
Bxa1 Ka6 42. Bb2 1/2-1/2

[Event "XV C.to Mondiale seniores"]
[Site "Lignano Sabbiadoro ITA"]
[Date "2005.09.28"]
[Round "1"]
[White "Luecke, Volkmar"]
[Black "Ljubarskij, Juri"]
[Result "0-1"]
[WhiteElo "2017"]
[BlackElo "2290"]
[PlyCount "104"]
[EventDate "2005.09.28"]

1. Nf3 c5 2. g3 Nc6 3. Bg2 Nf6 4. O-O g6 5. c3 e5 6. d4 cxd4 7. cxd4 e4 8. Ne5
Bg7 9. Nc3 d5 10. Nxc6 bxc6 11. Na4 O-O 12. Qc2 Bd7 13. Nc5 Bf5 14. e3 Qc8 15.
b4 h5 16. a4 h4 17. Ba3 hxg3 18. hxg3 Bh3 19. Qe2 Re8 20. Rac1 Nh7 21. f4 exf3
22. Qxf3 Ng5 23. Qf2 Bxg2 24. Kxg2 Qh3+ 25. Kg1 f5 26. Rc3 Re4 27. Qg2 Rxd4 28.
Rc2 Rg4 29. Qxh3 Nxh3+ 30. Kg2 Be5 31. Nd7 Rxg3+ 32. Kh2 Rxe3+ 33. Nxe5 Rxa3
34. Rxc6 Re8 35. Rxg6+ Kh7 36. Rg3 Rxg3 37. Kxg3 Rxe5 38. Kxh3 Kg6 39. Rf4 Re3+
40. Kg2 Kf6 41. Kf2 Rb3 42. b5 Ke5 43. Rh4 Ra3 44. Rb4 d4 45. Ke2 Ke4 46. Kd2
f4 47. Kc2 f3 48. Kb2 Rc3 49. Ka2 f2 50. Rb1 d3 51. Kb2 Rc8 52. Kb3 Ke3 0-1

[Event "XV C.to Mondiale seniores"]
[Site "Lignano Sabbiadoro ITA"]
[Date "2005.09.28"]
[Round "1"]
[White "Maissenbacher, Werner"]
[Black "Zelkind, Eduard"]
[Result "0-1"]
[WhiteElo "1981"]
[BlackElo "2257"]
[PlyCount "66"]
[EventDate "2005.09.28"]

1. e4 e6 2. d4 d5 3. Nc3 Nf6 4. e5 Nfd7 5. f4 c5 6. Nf3 Nc6 7. Be3 a6 8. Qd2 b5
9. a3 Qc7 10. Be2 b4 11. axb4 cxd4 12. Nxd4 Bxb4 13. O-O O-O 14. Rf3 Bb7 15.
Rh3 Nc5 16. Qe1 f5 17. Qh4 g6 18. Nd1 Nxd4 19. Bxd4 Ne4 20. c3 Bc5 21. Bd3 Rf7
22. Ne3 Bxd4 23. cxd4 Qb6 24. Nc2 Qxb2 25. Qe1 Rc8 26. Rb1 Qc3 27. Qxc3 Nxc3
28. Rb6 Re7 29. Bxa6 Bxa6 30. Rxa6 Ne2+ 31. Kf1 Rxc2 32. Ra8+ Kg7 33. Rb3 Nxf4
0-1

[Event "XV C.to Mondiale seniores"]
[Site "Lignano Sabbiadoro ITA"]
[Date "2005.09.28"]
[Round "1"]
[White "Malmdin, Nils Ake"]
[Black "Standal, Bard"]
[Result "1-0"]
[WhiteElo "2222"]
[BlackElo "1937"]
[PlyCount "35"]
[EventDate "2005.09.28"]

1. e4 c5 2. Nf3 d6 3. d4 cxd4 4. Qxd4 a6 5. Bc4 e6 6. Bg5 Nf6 7. Nc3 Nc6 8. Qe3
Be7 9. h3 Qc7 10. Bb3 b5 11. O-O Bd7 12. Rad1 O-O 13. Nd4 Ne5 14. f4 Nc4 15.
Bxc4 Qxc4 16. e5 Nd5 17. Nxd5 Bxg5 18. Nb6 1-0

[Event "XV C.to Mondiale seniores"]
[Site "Lignano Sabbiadoro ITA"]
[Date "2005.09.28"]
[Round "1"]
[White "Norrito, Salvatore"]
[Black "Maugg, Ludwig"]
[Result "0-1"]
[WhiteElo "1625"]
[BlackElo "2125"]
[PlyCount "62"]
[EventDate "2005.09.28"]

1. c4 c5 2. Nf3 Nc6 3. g3 e5 4. d3 g6 5. Bg2 Bg7 6. O-O Nge7 7. Nc3 O-O 8. a3
d6 9. Rb1 a5 10. Nb5 h6 11. Bd2 Be6 12. Bc3 d5 13. b3 d4 14. Bb2 Qd7 15. e3
dxe3 16. fxe3 Rad8 17. Ne1 Bf5 18. e4 Be6 19. Qe2 f5 20. exf5 Nxf5 21. Bh3 Kh7
22. Qe4 Nxg3 23. Bxe6 Rxf1+ 24. Kg2 Qxe6 25. hxg3 Rdf8 26. g4 R1f4 27. Qe3
Rxg4+ 28. Kh2 Rh4+ 29. Kg2 Qg4+ 30. Qg3 Qe2+ 31. Kg1 Rf1# 0-1

[Event "XV C.to Mondiale seniores"]
[Site "Lignano Sabbiadoro ITA"]
[Date "2005.09.28"]
[Round "1"]
[White "Ofstad, Per"]
[Black "Barlo, Werner"]
[Result "1-0"]
[WhiteElo "2164"]
[BlackElo "1876"]
[PlyCount "55"]
[EventDate "2005.09.28"]

1. e4 c5 2. c3 Nc6 3. d4 cxd4 4. cxd4 e6 5. Nc3 Bb4 6. Nf3 d5 7. e5 Nge7 8. Bd3
Bd7 9. O-O Bxc3 10. bxc3 O-O 11. Bxh7+ Kh8 12. Bd3 Nf5 13. Bxf5 exf5 14. Ng5 g6
15. Nf3 f6 16. exf6 Qxf6 17. Bg5 Qf7 18. Bf4 Rae8 19. Be5+ Nxe5 20. Nxe5 Qg7
21. f4 Rc8 22. Rf3 Be8 23. Qb3 Bc6 24. c4 dxc4 25. Rh3+ Kg8 26. Qxc4+ Rf7 27.
Nxf7 Qxf7 28. Rh8+ 1-0

[Event "XV C.to Mondiale seniores"]
[Site "Lignano Sabbiadoro ITA"]
[Date "2005.09.28"]
[Round "1"]
[White "Ollek, Karl Heinz"]
[Black "Bondick, Karl-Heinz"]
[Result "1/2-1/2"]
[WhiteElo "1807"]
[BlackElo "2133"]
[PlyCount "35"]
[EventDate "2005.09.28"]

1. Nf3 f5 2. g3 Nf6 3. Bg2 e6 4. c4 Be7 5. d4 d5 6. Nc3 O-O 7. cxd5 exd5 8. O-O
c6 9. Bg5 Be6 10. Ne5 Nbd7 11. Rb1 a5 12. e3 Kh8 13. Nxd7 Qxd7 14. Na4 Ra6 15.
Rc1 b5 16. Bxf6 Rxf6 17. Nc5 Bxc5 18. Rxc5 1/2-1/2